000 nam a22 7a 4500
999 _c18663
_d18663
008 170113b xxu||||| |||| 00| 0 eng d
020 _a0130957291
050 _aHB172
_b .B48 1999
100 _aBeveridge, Thomas M.
245 _aPrinciples of Microeconomics/
_cThomas M.Beveridge.
250 _a5th ed.
260 _aupper saddle River:
_bCase&Fair,
_c1999.
300 _a508p. :
_bill. ;
_c28cm.
650 _amicroeconomics.
942 _2lcc
_cBOOKS
_hHB172 .B48 1999